01869na a2200433 450000100060000000300080000600500170001400800410003103500100007204000250008204100080010708200280011509000190014310000520016224000360021424501060025024600510035626000220040730000410042944000740047050000560054460000740060060001030067461000500077761000590082761000880088665100430097465700270101765700420104465700320108665700300111865700470114874000510119583000370124683000230128394200130130695201010131999900150142019715MIRAKIL20181213155132.0161226b tu 000 0  a19715 aMilasbturcTR-AnCHP atur aCHP 324.2372bK44y 2015 aBROŞÜR 158 aKılıçdaroğlu, KemalcCHP Genel Başkanı aYaşanacak bir Türkiyef2015 aYaşanacak bir Türkiyebkadınlara yönelik şiddeti sıfırlıyoruzc[Kemal Kılıçdaroğlu] aKadınlara yönelik şiddeti sıfırlıyoruz aAnkarabCHPc2015 aktl. broşürbrnkl. fotg.c20 sm. aCumhuriyet Halk Partisi yayınlarıpYaşanacak bir Türkiye dizisi aBaşka yapıt adı: Gelin oy verin sıfırlayalım aKılıçdaroğlu, KemalxPropaganda ve ideolojileryKadın hakları aKılıçdaroğlu, KemalcCHP Genel BaşkanıxSeçim kampanyaları, 2015yKadın politikaları aCHPxŞiddet sorunuyÇözüm önerileri aCHPxSeçim kampanyaları, 2015yKadın politikaları aCHPxPropaganda ve ideolojileryKılıçdaroğlu dönemiyGenel seçimler, 2015 aTürkiyexSiyaset ve yönetimy2015- aCHP kadın politikası aYaşanacak bir Türkiye kampanyası aCHP seçim propagandaları aCHP seçim kampanyaları aGelin oy verin sıfırlayalım kampanyası aKadınlara yönelik şiddeti sıfırlıyoruz aYaşanacak bir Türkiye dizisi aCHP broşürleri 2ddccBKS a0001b0001d2016-12-26e2l0oBROŞÜR 158p011250r2016-12-26 00:00:00v0.00w2016-12-26yBKS c7245d7245